MARC details
| 000 -LEADER |
| fixed length control field |
00634cam a2200181 4500 |
| 001 - CONTROL NUMBER |
| control field |
WS107499 |
| 008 - FIXED-LENGTH DATA ELEMENTS--GENERAL INFORMATION |
| fixed length control field |
000000n 000 0 eng u |
| 035 ## - SYSTEM CONTROL NUMBER |
| System control number |
(Sirsi) u107499 |
| 245 ## - TITLE STATEMENT |
| Title |
Inside Housing |
| 520 ## - SUMMARY, ETC. |
| Summary, etc. |
Web page for the UKs leading news magazine for people working in social housing. Includes the latest news, job adverts and details of UK housing organisations. |
| 650 ## - SUBJECT ADDED ENTRY--TOPICAL TERM |
| Topical term or geographic name entry element |
JOURNALS |
| 650 ## - SUBJECT ADDED ENTRY--TOPICAL TERM |
| Topical term or geographic name entry element |
JOB ADVERTISEMENTS |
| 650 ## - SUBJECT ADDED ENTRY--TOPICAL TERM |
| Topical term or geographic name entry element |
EMPLOYMENT |
| 650 ## - SUBJECT ADDED ENTRY--TOPICAL TERM |
| Topical term or geographic name entry element |
RESIDENTIAL |
| 690 ## - LOCAL SUBJECT ADDED ENTRY--TOPICAL TERM (OCLC, RLIN) |
| Topical term or geographic name as entry element |
HOUSING |
| 856 40 - ELECTRONIC LOCATION AND ACCESS |
| Uniform Resource Identifier |
<a href="https://www.insidehousing.co.uk">https://www.insidehousing.co.uk</a> |
| Public note |
View the website free of charge at www.insidehousing.co.uk... |
| 942 ## - ADDED ENTRY ELEMENTS (KOHA) |
| Suppress in OPAC |
0 |